Niektoré problémy presnosti Novikovho ozubenia. /

Guardado en:
Detalles Bibliográficos
Autor principal: Král, Štefan, 1939- (Autor)
Formato: Manuscrito Libro
Publicado: Bratislava : SVŠT v Bratislave SjF, 1974
Etiquetas: Agregar Etiqueta
Sin Etiquetas, Sea el primero en etiquetar este registro!

MARC

LEADER 00000ntm a22000003a 4500
001 stu47504
005 20150617225710.2
008 ------s1974----cs----------------------d
040 |a STU  |b slo 
041 0
044 |a cs 
080 |a 621.831 
100 1 |a Král, Štefan,  |d 1939-  |4 aut  |u M200  |U MTF Ústav výrobných systémov a aplikovanej mechaniky  |T MTF Katedra aplikovanej mechaniky  |X 2488  |U M200  |Y M200  |7 A000002488 
245 1 |a Niektoré problémy presnosti Novikovho ozubenia. /  |c [aut.] Král,Štefan 
260 |a Bratislava :  |b SVŠT v Bratislave SjF,  |c 1974 
300 |a 118 s 
996 |b J44757  |c J*44757/DIZ.  |l JJSK  |s A  |a 24  |w stu47504_0001